| 000 | 00528nam a2200193 a 4500 | ||
|---|---|---|---|
| 001 | 2223 | ||
| 005 | 20140414131851.0 | ||
| 008 | 001113s19uu xx 00 eng d | ||
| 020 | _a0-937934-20-8 | ||
| 050 |
_aM 591 _bW37 1989 |
||
| 100 | _aWexo, John Bonnett | ||
| 245 |
_aWolves: zoobooks / _cJohn Bonnet Wexo. |
||
| 260 |
_aSan Diego : _bWildlife Educational. |
||
| 300 | _a1 v. (unp) col. : ill. ; cm. | ||
| 440 | _aZoobooks | ||
| 500 | _aJanuary 1989 Volume Six Number Four | ||
| 650 | _aWolves. | ||
| 999 |
_c110213 _d110213 |
||